00437nam a2200193Ia 4500003000400000005001700004008004100021020001800062040000600080041001200086082002200098100002200120245003200142250001200174260002500186300001500211440000900226650000800235OSt20240910125550.0240126s9999 xx 000 0 und d a9788180381324 c0 aEnglish a344.046 LEE;1 R aLeelakrishnan, P. 0aEnvironmental law case book a2nd ed. bLexis NexisaHaryana axxvii, 466 aNULL alaw